00297nam a2200121Ia 4500008004100000041001200041082001100053100002000064245005300084250000900137260002100146650000800167221030s9999 xx 000 0 und d aEnglish a105.23 aPankaj Padha/77 0aContainment Based Security Model For Database a2004 aMIET Jammuc2004 aMCA